Innowacyjnosc przedsiebiorstw.

Autori skúmajú úroveň angažovanosti v inovačnej činnosti v 15 poľských podnikoch troch priemyselných odvetví. Interpretácia výsledkov výskumu. Stagnácia, ba až patová situácia v inovačnej činnosti a jej príčiny.

Gespeichert in:
Bibliographische Detailangaben
1. Verfasser: Osbert-Pociecha, G.
Weitere Verfasser: Poplonska, A., Wierzba, M.
Format: Buchkapitel
Sprache:Polnisch
Schlagworte:
Tags: Tag hinzufügen
Keine Tags, Fügen Sie das erste Tag hinzu!

MARC

LEADER 00000naa a2200000 4500
001 r005117
005 20221125122436.2
041 0 |a pol 
044 |a PL 
245 1 0 |a Innowacyjnosc przedsiebiorstw.  |c G. Osbert-Pociecha, A. Poplonska, M. Wierzba 
520 |a Autori skúmajú úroveň angažovanosti v inovačnej činnosti v 15 poľských podnikoch troch priemyselných odvetví. Interpretácia výsledkov výskumu. Stagnácia, ba až patová situácia v inovačnej činnosti a jej príčiny. 
610 2 0 |a inovácia 
610 2 0 |a podnik 
610 2 0 |a odvetvia priemyselné 
610 2 0 |a PR 
100 1 |a Osbert-Pociecha, G. 
700 1 |a Poplonska, A. 
700 1 |a Wierzba, M.